000 00803nam a2200241 a 4500
001 000021848
005 20200930011455.0
008 100913s1993 sp r 000 f spa d
020 _a8420614092
040 _aDO-SdBNP
_bspa
_cBNPHU
082 _a863.6
_bT692g, 1993
100 1 _aTorrente Ballester, Gonzalo,
_d1910-1999.
_94745
245 1 0 _aLos gozos y las sombras :
_bLa Pascua triste /
_cGonzalo Torrente Ballester ;.
250 _a12a reimpresión
260 _aMadrid :
_bAlianza Editorial,
_c1993.
300 _av.3 ;
_c18 cm.
490 1 _aEl Libro de bolsillo
_aliteratura
_v409
500 _aLa biblioteca posee el v. 3
650 4 _aNovela española
_91123
650 4 _aLiteratura española
_ySIGLO XX
_93326
830 0 _aEl Libro de bolsillo ;
_pliteratura
_v409
_945366
049 _aBNGR
999 _c21346
_d21346